| 000 | 01528nam0a2200373 4500 | ||
|---|---|---|---|
| 001 | RU\NLR\bibl\409904 | ||
| 005 | 20260408192629.0 | ||
| 010 |
_a5-9524-0234-8 _97000 |
||
| 021 |
_aRU _b2003-20705 _9959 |
||
| 035 | _a(NLR Aleph) 000403981 | ||
| 090 |
_a592966 _c592966 |
||
| 100 | _a20030606d2003 u y0rusy50 ca | ||
| 101 | 1 |
_arus _cger |
|
| 102 | _aRU | ||
| 105 | _aa ||||||||| | ||
| 200 | 1 |
_aВойна разведок _eТайные операции спецслужб Германии, 1942-1971 _fРайнхард Гелен _g[Пер. с нем. В.Г. Чернявского, Ю.Д. Чупрова] |
|
| 210 |
_aМ. _cЦентрполиграф _d2003 |
||
| 215 |
_a425,[2] с., [8] л. ил. _d21 |
||
| 225 | 1 |
_aЗа линией фронта _iМемуары |
|
| 606 |
_aРазведка (воен.) немецкая _jВоспоминания, записки и т.п _xИстория _z1942 - 1971 _92171257 _3RU\NLR\AUTH\661306097 |
||
| 610 | 0 | _aГерманская разведка - История | |
| 610 | 0 | _aГермания, разведка и контрразведка | |
| 675 |
_a351.746.1(430)(091)<19> _v3 _zrus |
||
| 686 |
_a10.17 _2rugasnti |
||
| 686 |
_a67.401.212 _2rubbk |
||
| 686 | 1 | _aЦ68,8(4Г)-1,013 | |
| 700 | 1 |
_4070 _7ca _8rus _aГелен _bР. _f1902-1979 _gРайнхард _9116226 _3RU\NLR\auth\776272 |
|
| 801 | 0 |
_aRU _bRKP _c20030606 _gPSBO |
|
| 801 | 1 |
_aRU _bRKP _c20030606 |
|
| 801 | 2 |
_aRU _bNLR _c20121006 _grcr |
|
| 942 | _cBOOK | ||
| 980 | _aNB | ||